000 00271nam a2200133Ia 4500
100 _aDeb/A
942 _cBK
654 _aForemanship
245 _aForemanship
260 _bAsia publishing house
_aBombay
_c1963
082 _a658.3
300 _a150
546 _aENGLISH
999 _c27395
_d27395